Három új szak indul a TTK-n
Elmentve itt :
| Dokumentumtípus: | Cikk |
|---|---|
| Megjelent: |
2000-11-14
|
| Sorozat: | Délmagyarország
90 No. 266 |
| Kulcsszavak: | Oktatás, új szakok |
| Online Access: | http://dmarchiv.bibl.u-szeged.hu/81155 |
| LEADER | 00406nab a2200145 i 4500 | ||
|---|---|---|---|
| 001 | delm81155 | ||
| 005 | 20191025115820.0 | ||
| 008 | 191025s2000 hu o 0|| hun d | ||
| 040 | |a SZTE Délmagyarország Archívum |b hun | ||
| 041 | |a hun | ||
| 245 | 0 | 0 | |a Három új szak indul a TTK-n |h [elektronikus dokumentum] |
| 260 | |c 2000-11-14 | ||
| 300 | |a 10 | ||
| 490 | 0 | |a Délmagyarország |v 90 No. 266 | |
| 695 | |a Oktatás, új szakok | ||